Cube Root Quiz - Statistics

General Stats
  • This quiz has been taken 51 times
  • The average score is 10 of 12
Answer Stats
Hint Answer % Correct
1 1
100%
2 8
96%
3 27
93%
5 125
89%
4 64
89%
7 343
85%
10 1000
81%
6 216
81%
9 729
74%
8 512
70%
11 1331
59%
12 1728
52%
No matching quizzes found
Score Distribution
Percent of People with Each Score
Percentile by Number Answered
Your Score History
You have not taken this quiz